000 00375nam a2200145Ia 4500
008 230917s9999||||xx |||||||||||||| ||und||
040 _e195756
_aMAIN
041 _aEnglish
082 _a596 P192R
100 _aPandey, Kamleshwar
245 0 _aRegulatory mechanism in vertebrates
260 _aMeerut
_bRastogi Publications
_c2010
300 _aviii, 486 p.
942 _cBK
999 _c159546
_d159546